Southville International School and Colleges
Your cart is empty.
  • Cart
  • Lists
    Public lists Eva Luna New books Lux_list list_1
    Your lists Log in to create your own lists
  • Log in to your account
  • Your cookies
  • Search history
Southville International School and Colleges
  • Advanced search
  • Recent comments
  • Most popular
  • Libraries

Log in to your account

Log in with GOOGLE


If you do not have an external account, but do have a local account, you can still log in:

  1. Home
  2. MARC view: Antonio Luna /
Normal view MARC view ISBD view

Antonio Luna / (Record no. 292332)

[ view plain ]
MARC details
000 -LEADER
fixed length control field 00598nam a2200241Ia 4500
008 - FIXED-LENGTH DATA ELEMENTS--GENERAL INFORMATION
fixed length control field 160319s9999 xx 000 0 und d
020 ## - INTERNATIONAL STANDARD BOOK NUMBER
International Standard Book Number 9716300433
050 ## - LIBRARY OF CONGRESS CALL NUMBER
Classification number Fil 920
050 ## - LIBRARY OF CONGRESS CALL NUMBER
Item number J83a 1995
100 ## - MAIN ENTRY--PERSONAL NAME
Personal name Jose, Vivencio R.
245 ## - TITLE STATEMENT
Title Antonio Luna /
245 ## - TITLE STATEMENT
Statement of responsibility, etc Vivencio R. Jose.
260 ## - PUBLICATION, DISTRIBUTION, ETC. (IMPRINT)
Place of publication, distribution, etc Manila :
260 ## - PUBLICATION, DISTRIBUTION, ETC. (IMPRINT)
Name of publisher, distributor, etc Tahanan Books for Young Readers
260 ## - PUBLICATION, DISTRIBUTION, ETC. (IMPRINT)
Date of publication, distribution, etc 1995
300 ## - PHYSICAL DESCRIPTION
Extent 31 pages :
300 ## - PHYSICAL DESCRIPTION
Other physical details illustrations :
300 ## - PHYSICAL DESCRIPTION
Dimensions 26 cm.
440 ## - SERIES STATEMENT/ADDED ENTRY--TITLE
Title Great lives.
440 ## - SERIES STATEMENT/ADDED ENTRY--TITLE
Volume number/sequential designation vol. 6
650 ## - SUBJECT ADDED ENTRY--TOPICAL TERM
Topical term or geographic name as entry element Luna, Antonio, 1866-1899 --
650 ## - SUBJECT ADDED ENTRY--TOPICAL TERM
General subdivision Juvenile literature.
Holdings
Withdrawn status Lost status Damaged status Home library Current library Shelving location Date acquired Total Checkouts Full call number Barcode Date last seen Price effective from Koha item type
      Stonyhurst Southville International School (Batangas) Stonyhurst Southville International School (Batangas) Filipiniana Section 03/19/2016   Fil 920 J83a 1995 LS 4206 03/19/2016 03/19/2016 Books

Antonio Luna /

APA

Jose V. R., .Antonio Luna. Manila: .

Chicago

Jose Vivencio R, .Antonio Luna. Manila: .

Harvard

Jose V. R., .Antonio Luna. Manila: .

MLA

Jose Vivencio R, .Manila: . .

  • Place hold
  • Print
  • Cite
  • Add to your cart (remove)
  • Save record
    BIBTEX Dublin Core MARCXML MARC (non-Unicode/MARC-8) MARC (Unicode/UTF-8) MARC (Unicode/UTF-8, Standard) MODS (XML) RIS
  • More searches
    Search for this title in:
    Other Libraries (WorldCat) Other Databases (Google Scholar) Online Stores (Bookfinder.com) Open Library (openlibrary.org)

Exporting to Dublin Core...

SOUTHVILLE LIBRARY

Southville International School and Colleges Library

1281 Tropical Ave. Cor. Luxembourg St., BF Homes International, Las Pinas City

Tel. No. 8256374 / 252358 Loc. 117/146

Powered by Koha